[Event "Olympiad Women-44"]
[Site "Chennai"]
[Date "2022.07.31"]
[Round "3.1"]
[White "Miller, Rachel"]
[Black "Khegay, Anjela"]
[Result "0-1"]
[WhiteElo "1961"]
[BlackElo "2131"]
[PlyCount "106"]
[EventDate "2022.07.29"]
[EventType "team-swiss"]
[EventRounds "11"]
[EventCountry "IND"]
[SourceTitle "CBM 210"]
[Source "ChessBase"]
[SourceDate "2022.10.31"]
[SourceVersion "1"]
[SourceVersionDate "2022.10.31"]
[SourceQuality "1"]
[WhiteTeam "Jamaica (W)"]
[BlackTeam "Singapore (W)"]
[WhiteTeamCountry "JAM"]
[BlackTeamCountry "SIN"]

1. e4 g6 2. d4 d6 3. Nc3 Bg7 4. Be3 a6 5. Qd2 b5 6. h4 h6 7. f3 Nd7 8. a4 bxa4 9. Rxa4 Nb6 10. Ra3 Nf6 11. Bd3 Nfd7 12. Qe2 a5 13. Na4 Nxa4 14. Rxa4 c5 15. c3 0-0 16. h5 g5 17. Nh3 Rb8 18. 0-0 Nf6 19. dxc5 Nxh5 20. Rfa1 dxc5 21. Bxc5 Bxh3 22. e5 Ng3 23. Qc2 Be6 24. Rxa5 Bb3 25. Qb1 Bxe5 26. Bf2 Bc7 27. Bh7+ Kh8 28. Bd4+ f6 29. Qg6 Qe8 30. Qxh6 Qh5 31. Qxh5 Nxh5 32. Rxg5 Nf4 33. Kf2 Nh3+ 34. gxh3 Kxh7 35. Rg4 Rg8 36. Rh4+ Kg6 37. Rg1+ Kf5 38. Rh5+ Rg5 39. Rgxg5+ fxg5 40. h4 Bf4 41. hxg5 Bf7 42. Rh7 Rxb2+ 43. Kg1 Bd5 44. Rxe7 Bxf3 45. Bf2 Rb8 46. Bd4 Bg3 47. Rf7+ Kg4 48. Rxf3 Kxf3 49. Kh1 Rb1+ 50. Bg1 Bf2 51. Kh2 Rxg1 52. c4 Rxg5 53. c5 Rh5# 0-1

[Event "New York Winter IM-D"]
[Site "New York"]
[Date "2022.01.15"]
[Round "4"]
[White "Miller, Rachel"]
[Black "Chiku Ratte, Olivier Kenta"]
[Result "0-1"]
[WhiteElo "1983"]
[BlackElo "2380"]
[PlyCount "124"]
[EventDate "2022.01.13"]
[EventType "tourn"]
[EventRounds "9"]
[EventCountry "USA"]
[SourceTitle "CBM 206 Extra"]
[Source "ChessBase"]
[SourceDate "2022.03.31"]
[SourceVersion "1"]
[SourceVersionDate "2022.03.31"]
[SourceQuality "1"]

1. e4 d5 2. exd5 Qxd5 3. Nc3 Qa5 4. Bc4 c6 5. d3 Nf6 6. Bd2 Qc7 7. Qe2 g6 8. Nf3 Bg7 9. 0-0 0-0 10. Rfe1 b5 11. Bb3 e6 12. d4 a5 13. a4 b4 14. Ne4 Nd5 15. Rac1 Ba6 16. Bc4 Nb6 17. Bxa6 Nxa6 18. b3 h6 19. h4 Nd5 20. Ne5 c5 21. Nxc5 Nxc5 22. dxc5 Bxe5 23. Qxe5 Rfc8 24. c4 Qxe5 25. Rxe5 Nf6 26. c6 Rxc6 27. Bf4 Nd7 28. Rb5 Nc5 29. Rb1 h5 30. f3 Nd7 31. Rd1 Nc5 32. Rb1 e5 33. Bxe5 Re8 34. Bd4 Ne6 35. Bf2 Nf4 36. Rxa5 Rd6 37. g3 Nh3+ 38. Kg2 Nxf2 39. Kxf2 Rd2+ 40. Kf1 Re3 41. Rd5 Ra2 42. Rdd1 Rxf3+ 43. Kg1 Rxg3+ 44. Kh1 Rh3+ 45. Kg1 Ra3 46. c5 Raxb3 47. c6 Rxb1 48. Rxb1 Rc3 49. Rxb4 Rxc6 50. Kf2 Rc3 51. Ke2 Kg7 52. Rf4 f6 53. Kf2 Ra3 54. Rc4 g5 55. hxg5 fxg5 56. Kg2 h4 57. Rc5 Kg6 58. a5 Kh5 59. Rb5 h3+ 60. Kh2 Kh4 61. Kh1 g4 62. Rc5 Ra1+ 0-1

[Event "Online Olym Div2 E"]
[Site "Chess.com INT"]
[Date "2021.09.04"]
[Round "8.5"]
[White "Monroy Garzon, Nataly Alejandra"]
[Black "Miller, Rachel"]
[Result "0-1"]
[WhiteElo "1957"]
[BlackElo "2004"]
[PlyCount "66"]
[EventDate "2021.09.02"]
[EventType "team (rapid)"]
[EventRounds "9"]
[EventCountry "USA"]
[SourceTitle "CBM 204 Extra"]
[Source "ChessBase"]
[SourceDate "2021.11.30"]
[SourceVersion "1"]
[SourceVersionDate "2021.11.30"]
[SourceQuality "1"]
[WhiteTeam "Bolivia"]
[BlackTeam "Jamaica"]
[WhiteTeamCountry "BOL"]
[BlackTeamCountry "JAM"]

1. d4 d5 2. Nf3 e6 3. c4 a6 4. g3 dxc4 5. Bg2 Nc6 6. 0-0 Rb8 7. a4 Nf6 8. Nc3 Be7 9. e4 0-0 10. d5 exd5 11. exd5 Nb4 12. Ne5 b5 13. Be3 Bd6 14. Bd4 Bxe5 15. Bxe5 Nd3 16. Bxf6 Qxf6 17. axb5 axb5 18. Qc2 Bf5 19. Ne4 Qxb2 20. Qxb2 Nxb2 21. Nc5 b4 22. Na6 Rb6 23. Nxc7 Rc8 24. Rfe1 h5 25. Ne8 Nd3 26. Re3 Kf8 27. d6 Rxe8 28. Rxe8+ Kxe8 29. Ra8+ Kd7 30. Ra7+ Kxd6 31. Rxf7 g6 32. Rf6+ Kc5 33. Rf7 b3 0-1

[Event "Online Olym Div2 E"]
[Site "Chess.com INT"]
[Date "2021.09.03"]
[Round "5.3"]
[White "Miller, Rachel"]
[Black "Perez Rodriguez, Jennifer"]
[Result "1-0"]
[WhiteElo "2004"]
[BlackElo "2251"]
[PlyCount "117"]
[EventDate "2021.09.02"]
[EventType "team (rapid)"]
[EventRounds "9"]
[EventCountry "USA"]
[SourceTitle "CBM 204 Extra"]
[Source "ChessBase"]
[SourceDate "2021.11.30"]
[SourceVersion "1"]
[SourceVersionDate "2021.11.30"]
[SourceQuality "1"]
[WhiteTeam "Jamaica"]
[BlackTeam "Paraguay"]
[WhiteTeamCountry "JAM"]
[BlackTeamCountry "PAR"]

1. e4 e5 2. Nf3 Nc6 3. Bb5 f5 4. d3 fxe4 5. dxe4 Nf6 6. 0-0 d6 7. Bc4 Na5 8. Bd3 Be7 9. b4 Nc6 10. b5 Nb8 11. Bc4 Bg4 12. h3 Bh5 13. Nc3 Nbd7 14. Qd3 Nc5 15. Qe3 Bxf3 16. Qxf3 Qd7 17. a4 Ne6 18. Be3 Nd4 19. Bxd4 exd4 20. Ne2 d5 21. exd5 0-0-0 22. Nxd4 Nxd5 23. Rad1 Rhf8 24. Qb3 Nf4 25. Nc6 Bd6 26. Nxd8 Qxd8 27. Qf3 Qh4 28. Qg4+ Qxg4 29. hxg4 Bc5 30. g3 Ng6 31. Kg2 Ne5 32. Be6+ Kb8 33. f4 Ng6 34. Rd7 Ne7 35. Rd3 a6 36. c4 axb5 37. axb5 Ka7 38. Rh1 h6 39. Rhd1 Rf6 40. Bd5 Nc8 41. Bf3 Nd6 42. Bd5 Kb6 43. Re1 Rf8 44. Re7 Nf5 45. Re6+ Nd6 46. Rg6 Ra8 47. Rxg7 Ra2+ 48. Kh3 Bg1 49. g5 h5 50. Bg2 Nf5 51. Rd1 Bf2 52. Rg6+ Ka5 53. Be4 Nxg3 54. Bd3 Ra3 55. Kg2 Ra2 56. Kf3 h4 57. Rh6 h3 58. g6 h2 59. Rxh2 1-0

[Event "Online Olym Div3 E"]
[Site "Chess.com INT"]
[Date "2021.08.28"]
[Round "4.4"]
[White "Miller, Rachel"]
[Black "Alvarez Gutierrez, Patricia"]
[Result "1-0"]
[WhiteElo "2004"]
[BlackElo "1645"]
[PlyCount "61"]
[EventDate "2021.08.27"]
[EventType "team-tourn (rapid)"]
[EventRounds "9"]
[EventCountry "USA"]
[SourceTitle "CBM 204 Extra"]
[Source "ChessBase"]
[SourceDate "2021.11.30"]
[SourceVersion "1"]
[SourceVersionDate "2021.11.30"]
[SourceQuality "1"]
[WhiteTeam "Jamaica"]
[BlackTeam "Nicaragua"]
[WhiteTeamCountry "JAM"]
[BlackTeamCountry "NCA"]

1. e4 e5 2. Nf3 Nc6 3. Bc4 Bc5 4. c3 Nf6 5. d3 d6 6. 0-0 0-0 7. a4 a6 8. h3 Ba7 9. Re1 h6 10. d4 exd4 11. cxd4 d5 12. exd5 Nxd5 13. Nc3 Be6 14. Ba2 Nxc3 15. bxc3 Bxa2 16. Rxa2 Re8 17. Rxe8+ Qxe8 18. Re2 Qd7 19. Bf4 Rd8 20. Qe1 Bb6 21. Re3 Kf8 22. Qa1 Re8 23. Qa3+ Kg8 24. Nd2 Ne7 25. Nc4 Nd5 26. Rxe8+ Qxe8 27. Be3 Nxe3 28. Nxe3 Ba7 29. Qb4 Qc6 30. a5 Qe6 31. Qxb7 1-0

[Event "Online Olym Div3 E"]
[Site "Chess.com INT"]
[Date "2021.08.27"]
[Round "1.1"]
[White "Miller, Rachel"]
[Black "Morales Santos, Natasha"]
[Result "1-0"]
[WhiteElo "2004"]
[BlackElo "1960"]
[PlyCount "103"]
[EventDate "2021.08.27"]
[EventType "team-tourn (rapid)"]
[EventRounds "9"]
[EventCountry "USA"]
[SourceTitle "CBM 204 Extra"]
[Source "ChessBase"]
[SourceDate "2021.11.30"]
[SourceVersion "1"]
[SourceVersionDate "2021.11.30"]
[SourceQuality "1"]
[WhiteTeam "Jamaica"]
[BlackTeam "Puerto Rico"]
[WhiteTeamCountry "JAM"]
[BlackTeamCountry "PUR"]

1. e4 e6 2. d4 d5 3. Nd2 dxe4 4. Nxe4 Nd7 5. Nf3 Ngf6 6. Nxf6+ Nxf6 7. Bd3 c5 8. c3 Bd6 9. Qe2 0-0 10. dxc5 Bxc5 11. Be3 Qc7 12. 0-0-0 a6 13. g4 Nd5 14. Bxc5 Qxc5 15. Ng5 h6 16. Ne4 Qc7 17. Bc2 b5 18. Kb1 Bb7 19. Rhg1 Rad8 20. g5 Qf4 21. gxh6 Qxh6 22. Ng5 Nf4 23. Qg4 Ng6 24. Rxd8 Rxd8 25. Nxe6 fxe6 26. Bxg6 Bd5 27. Bc2 Rf8 28. Qg3 Qf6 29. h4 Rf7 30. h5 Qxf2 31. Qg6 Qf6 32. Qh7+ Kf8 33. Bg6 Qf2 34. Rc1 Rf6 35. Qh8+ Ke7 36. Qxg7+ Kd6 37. Qa7 Qh2 38. Qxa6+ Ke7 39. Qa7+ Kd6 40. Qa6+ Ke7 41. Qxb5 Rf2 42. Qe8+ Kd6 43. Qd8+ Kc6 44. Qa8+ Kc7 45. Qa7+ Bb7 46. Qc5+ Kb8 47. Qb4 Ka7 48. a4 Bd5 49. Ka1 Rf4 50. Qb5 Qd2 51. Rb1 Qc2 52. Bxc2 1-0

[Event "Online Olym Div4 E"]
[Site "Chess.com INT"]
[Date "2020.07.31"]
[Round "2.5"]
[White "Miller, Rachel"]
[Black "Granados Ortiz, Maria Jose"]
[Result "1-0"]
[WhiteElo "2004"]
[BlackElo "1694"]
[PlyCount "59"]
[EventDate "2020.07.31"]
[EventType "team-tourn (rapid)"]
[EventRounds "9"]
[EventCountry "USA"]
[SourceTitle "CBM 198"]
[Source "ChessBase"]
[SourceDate "2020.10.31"]
[SourceVersion "1"]
[SourceVersionDate "2020.10.31"]
[SourceQuality "1"]
[WhiteTeam "Jamaica"]
[BlackTeam "Nicaragua"]
[WhiteTeamCountry "JAM"]
[BlackTeamCountry "NCA"]

1. e4 Nf6 2. e5 Nd5 3. c4 Nb6 4. d4 d6 5. exd6 exd6 6. h3 Be7 7. Nf3 0-0 8. b3 Bf6 9. Be2 Nc6 10. 0-0 Bf5 11. Be3 Re8 12. Nc3 Bg6 13. Rc1 Ne7 14. Bf4 Nf5 15. Qd2 h6 16. Rfe1 d5 17. c5 Nc8 18. Nb5 Re7 19. Bf1 c6 20. Rxe7 Ncxe7 21. Nd6 Nxd6 22. Bxd6 Nf5 23. Bh2 Bh7 24. Re1 b6 25. b4 Nh4 26. Ne5 Qc8 27. cxb6 axb6 28. Rc1 Ra4 29. Rxc6 Bd8 30. Rxc8 1-0

[Event "Central America Carribean-ch U20"]
[Site "Couva"]
[Date "2019.12.18"]
[Round "9"]
[White "Miller, Rachel"]
[Black "Yearwood, Sean"]
[Result "1-0"]
[WhiteElo "1961"]
[BlackElo "1799"]
[PlyCount "147"]
[EventDate "2019.12.13"]
[EventType "swiss"]
[EventRounds "9"]
[EventCountry "TRI"]
[SourceTitle "CBM 193 Extra"]
[Source "ChessBase"]
[SourceDate "2020.01.31"]
[SourceVersion "1"]
[SourceVersionDate "2020.01.31"]
[SourceQuality "1"]

1. e4 d6 2. d4 Nf6 3. Nc3 e5 4. Nf3 Nc6 5. h3 h6 6. Bc4 Be7 7. 0-0 0-0 8. Re1 Nd7 9. Nd5 Nb6 10. Nxe7+ Qxe7 11. Bf1 exd4 12. Nxd4 Nxd4 13. Qxd4 Qe5 14. Be3 Re8 15. Bd3 Nd7 16. c3 Nf6 17. Bc2 Qh5 18. Bf4 Nd7 19. Bg3 Ne5 20. f4 Nc6 21. Qd3 Ne7 22. Rf1 Bd7 23. a4 Rad8 24. Rae1 b5 25. axb5 Bxb5 26. Qf3 Qxf3 27. Rxf3 Bc6 28. Rfe3 f6 29. Ra1 Ra8 30. Ra5 Bb7 31. Re1 a6 32. Ra4 Nc6 33. Bb3+ Kf8 34. Bd5 Nd8 35. Bxb7 Nxb7 36. b4 c5 37. Kf2 cxb4 38. cxb4 Rec8 39. Rea1 Rc2+ 40. Kf1 Rc4 41. e5 dxe5 42. fxe5 Re4 43. exf6 gxf6 44. Be1 Re6 45. b5 a5 46. Bxa5 Rxa5 47. Rxa5 Nxa5 48. Rxa5 Re4 49. b6 Rb4 50. Ra8+ Ke7 51. Rb8 Rb2 52. b7 Kd7 53. Rh8 Rxb7 54. Rh7+ Kc6 55. Rxb7 Kxb7 56. Kf2 Kc6 57. Kg3 Kd5 58. Kh4 Ke4 59. Kh5 Kf4 60. Kxh6 Kf5 61. Kh5 Kf4 62. Kg6 f5 63. Kf6 Ke4 64. Kg5 f4 65. Kg4 Ke5 66. h4 Kf6 67. Kxf4 Kg6 68. g4 Kf6 69. h5 Kg7 70. Kg5 Kf7 71. Kh6 Kg8 72. g5 Kh8 73. g6 Kg8 74. g7 1-0

[Event "CAN-ch International"]
[Site "Longueuil"]
[Date "2019.10.13"]
[Round "5"]
[White "Miller, Rachel"]
[Black "Pace, Christopher"]
[Result "0-1"]
[WhiteElo "2017"]
[BlackElo "2258"]
[PlyCount "116"]
[EventDate "2019.10.11"]
[EventType "swiss"]
[EventRounds "5"]
[EventCountry "CAN"]
[SourceTitle "CBM 192 Extra"]
[Source "Chessbase"]
[SourceDate "2019.11.06"]
[SourceVersion "1"]
[SourceVersionDate "2019.11.06"]
[SourceQuality "1"]

1. e4 e5 2. Nf3 Nc6 3. Bc4 Bc5 4. c3 Nf6 5. d3 h6 6. a4 a6 7. 0-0 d6 8. Re1 0-0 9. b4 Bb6 10. Na3 Ne7 11. Bb3 Ng6 12. d4 exd4 13. cxd4 Bg4 14. Bb2 Nh4 15. Qd3 Bxf3 16. gxf3 Qd7 17. f4 Qg4+ 18. Qg3 Nf3+ 19. Kh1 Nxe1 20. Rxe1 Qxg3 21. fxg3 Rfe8 22. e5 dxe5 23. fxe5 Rad8 24. Nc2 Nd5 25. Rf1 Rd7 26. a5 Ba7 27. Ba4 c6 28. Bb3 Nc7 29. Na3 Ree7 30. Rd1 Ne6 31. Nc2 Re8 32. d5 cxd5 33. Ba4 Red8 34. Bxd7 Rxd7 35. Nd4 Nxd4 36. Bxd4 Bxd4 37. Rxd4 Kf8 38. Kg2 Ke7 39. Kf3 Ke6 40. Kf4 g5+ 41. Ke3 Kxe5 42. h4 Rc7 43. Kd3 Rc1 44. Kd2 Kxd4 45. Kxc1 gxh4 46. gxh4 Kc3 47. h5 f5 48. Kd1 Kd3 49. b5 axb5 50. a6 bxa6 51. Ke1 Ke3 52. Kd1 f4 53. Ke1 b4 54. Kf1 Kf3 55. Kg1 b3 56. Kh2 b2 57. Kh3 b1Q 58. Kh2 Qa1 0-1

[Event "CAN-ch International"]
[Site "Longueuil"]
[Date "2019.10.12"]
[Round "2"]
[White "Nicula, Marius"]
[Black "Miller, Rachel"]
[Result "1-0"]
[WhiteElo "2208"]
[BlackElo "2017"]
[PlyCount "73"]
[EventDate "2019.10.11"]
[EventType "swiss"]
[EventRounds "5"]
[EventCountry "CAN"]
[SourceTitle "CBM 192 Extra"]
[Source "Chessbase"]
[SourceDate "2019.11.06"]
[SourceVersion "1"]
[SourceVersionDate "2019.11.06"]
[SourceQuality "1"]

1. Nf3 Nf6 2. g3 b6 3. Bg2 Bb7 4. 0-0 c5 5. d3 g6 6. e4 d6 7. b3 Bg7 8. Bb2 Nbd7 9. Nbd2 b5 10. Re1 0-0 11. c3 e5 12. a4 a6 13. Qc2 Qc7 14. Nf1 Rfb8 15. N3d2 Bh6 16. Ne3 Nf8 17. Ra2 Ne6 18. axb5 axb5 19. Rea1 Rxa2 20. Rxa2 Qb6 21. Ndf1 Rd8 22. Bc1 Bg7 23. Nd5 Nxd5 24. exd5 Nc7 25. c4 Na6 26. Bd2 Nb4 27. Bxb4 cxb4 28. Ne3 f5 29. cxb5 Qxb5 30. Qc7 Rc8 31. Qxd6 Qxd3 32. Ra7 Rc1+ 33. Bf1 f4 34. Rxb7 fxe3 35. Qe6+ Kh8 36. Qe8+ Bf8 37. Qxf8# 1-0

[Event "Pan American-ch U20 Girls"]
[Site "Cochabamba"]
[Date "2019.08.06"]
[Round "9"]
[White "Bustillos, Natalia"]
[Black "Miller, Rachel"]
[Result "0-1"]
[WhiteElo "1473"]
[BlackElo "1941"]
[PlyCount "84"]
[EventDate "2019.08.01"]
[EventType "swiss"]
[EventRounds "9"]
[EventCountry "BOL"]
[SourceTitle "EXT 2021"]
[Source "ChessBase"]
[SourceDate "2020.10.23"]
[SourceVersion "1"]
[SourceVersionDate "2020.10.23"]
[SourceQuality "1"]

1. d4 d5 2. c4 e6 3. Nc3 a6 4. Nf3 Nf6 5. e3 Bd6 6. Bd3 Nbd7 7. 0-0 0-0 8. Re1 dxc4 9. Bxc4 b5 10. Bd3 c5 11. Ne4 Nxe4 12. Bxe4 Rb8 13. Bc2 Qc7 14. h3 Bb7 15. e4 cxd4 16. Nxd4 Rbc8 17. Bb3 Nf6 18. Bxe6 fxe6 19. Nxe6 Qb8 20. Nxf8 Rxf8 21. f3 Nh5 22. Qb3+ Kh8 23. Be3 Qe8 24. Bd4 Qg6 25. g4 Nf4 26. h4 Be7 27. h5 Nxh5 28. Be5 Nf4 29. Bxf4 Rxf4 30. Kg2 Bd6 31. Qd3 Rf8 32. Rad1 Be5 33. Rh1 Qf7 34. Rh3 h6 35. b3 Bc8 36. Qe2 Be6 37. Rdh1 Qf4 38. Rd1 Kg8 39. Qd2 Bxg4 40. Qd5+ Kh8 41. Rhh1 Qxf3+ 42. Kg1 Qf2# 0-1